00830nam a2200205 a 450000100100000000500170001000800410002702000150006804000250008308200220010824501750013025000110030526000570031630000280037349000190040170000410042083000260046195201200048799900170060700002222220200930011634.0100920s2004 dr 001 0 spa d a847432985X aDO-SdBNPbspacBNPHU axxxxbC741c, 200400aComunicación y cultura en la era digital :bindustrias, mercados y diversidad en España /ccoordinador ; Enrique Bustamante, José María Monzoncillo ... [ et al.]. a2a ed. aBarcelona :bFundación AlternativabGedisa,c2004. a382 p. :bil. ;c23 cm.1 aMultimediav241 aBustamente, Enríqueecoord.945959 0aMultimediav24944543 0010718PDaGRbGRcCTd2010-09-20iLF1l0oxxxx C741c, 2004p22222-10r2020-06-25w2020-06-25yLFPDZNo se presta c21720d21720